International business
Salvato in:
| Autore principale: | |
|---|---|
| Altri autori: | , |
| Natura: | Libro |
| Lingua: | inglese |
| Pubblicazione: |
Harlow
Pearson
2015
|
| Edizione: | 4th ed. |
| Serie: | Always learning
|
| Soggetti: | |
| Tags: |
Nessun Tag, puoi essere il primo ad aggiungerne!!
|
MARC
| LEADER | 00000nam a2200000 4500 | ||
|---|---|---|---|
| 001 | 0235034 | ||
| 005 | 20240226124605.2 | ||
| 020 | |a 978-1-292-01668-9 | ||
| 041 | 0 | |a eng | |
| 044 | |a GB | ||
| 245 | 1 | 0 | |a International business |c Stuart Wall, Sonal Minocha, Bronwen Rees |
| 250 | |a 4th ed. | ||
| 264 | 1 | |a Harlow |b Pearson |c 2015 | |
| 300 | |a xxii, 393 s. | ||
| 490 | 1 | |a Always learning | |
| 830 | 0 | |a Always learning | |
| 610 | 2 | 0 | |a podnikanie medzinárodné |
| 610 | 2 | 0 | |a prostredie podnikateľské |
| 610 | 2 | 0 | |a riadenie ľudských zdrojov |
| 610 | 2 | 0 | |a riadenie personálne |
| 610 | 2 | 0 | |a marketing medzinárodný |
| 610 | 2 | 0 | |a financie medzinárodné |
| 100 | 1 | |a Wall, Stuart | |
| 700 | 1 | |a Minocha, Sonal | |
| 700 | 1 | |a Rees, Bronwen | |